| 000 | 00457nam a2200169 4500 | ||
|---|---|---|---|
| 001 | 143537 | ||
| 003 | ES-MaACL | ||
| 005 | 20230906200836.0 | ||
| 007 | t| | ||
| 008 | 070214s1978 sp r ||||1| spa d | ||
| 100 | 1 |
_aSerulle, Haffe. _9105850 |
|
| 245 | 1 | 4 |
_aLas tinieblas del Dictador / _cpor Haffe Serulle. |
| 250 | _a1ยช ed. | ||
| 260 |
_aMadrid : _bParaninfo, _c1978 ( _fGrefol) |
||
| 300 |
_a239 p. ; _c17 cm. |
||
| 852 |
_aES-MaACL _jA-9863 _bR.98940 |
||
| 999 |
_c143537 _d143537 |
||